000 00472nam a2200205Ia 4500
001 908
003 GE_BSU
008 181216s||||||||xx |||||||||||||| ||und||
040 _cGE_BSU
080 _a513.731
100 _aЗалгаллер,В.А.
245 _aТеория Огибающих.
260 _aМосква
260 _b,,Наука
260 _c1975
300 _a102 с.
541 _h5 л.
653 _aТеория Огибющих
942 _cBK
999 _c35067
_d35067